Welcome to CU Library Online Public Access Catalogue (OPAC)

The Rheumatological physical examination / (Record no. 3742)

MARC details
000 -LEADER
fixed length control field 00725pam a2200229 a 4500
001 - CONTROL NUMBER
control field 1932709
005 - DATE AND TIME OF LATEST TRANSACTION
control field 20250209125621.0
008 - FIXED-LENGTH DATA ELEMENTS--GENERAL INFORMATION
fixed length control field 860404s1986 flua b 001 0 eng c
020 ## - INTERNATIONAL STANDARD BOOK NUMBER
International Standard Book Number 0808918249
050 10 - LIBRARY OF CONGRESS CALL NUMBER
Classification number RC927
Item number .R479 1986
082 00 - DEWEY DECIMAL CLASSIFICATION NUMBER
Classification number 616.7/23075
Edition information 19
245 04 - TITLE STATEMENT
Title The Rheumatological physical examination /
Statement of responsibility, etc. edited by Hugh Little.
260 ## - PUBLICATION, DISTRIBUTION, ETC.
Place of publication, distribution, etc. Orlando :
Name of publisher, distributor, etc. Grune & Stratton,
Date of publication, distribution, etc. c1986.
300 ## - PHYSICAL DESCRIPTION
Extent x, 149 p. :
Other physical details ill. ;
Dimensions 29 cm.
500 ## - GENERAL NOTE
General note Includes index.
650 #0 - SUBJECT ADDED ENTRY--TOPICAL TERM
Topical term or geographic name entry element Rheumatism
General subdivision Diagnosis
-- Handbooks, manuals, etc.
650 #0 - SUBJECT ADDED ENTRY--TOPICAL TERM
Topical term or geographic name entry element Physical diagnosis
General subdivision Handbooks, manuals, etc.
650 #2 - SUBJECT ADDED ENTRY--TOPICAL TERM
Topical term or geographic name entry element Physical Examination.
650 #2 - SUBJECT ADDED ENTRY--TOPICAL TERM
Topical term or geographic name entry element Rheumatism
General subdivision diagnosis.
700 1# - ADDED ENTRY--PERSONAL NAME
Personal name Little, Hugh,
Titles and other words associated with a name M.D.
942 ## - ADDED ENTRY ELEMENTS (KOHA)
Source of classification or shelving scheme Library of Congress Classification
Koha item type Books
Suppress in OPAC No
999 ## -
-- 3742
-- 3742
Holdings
Withdrawn status Lost status Source of classification or shelving scheme Damaged status Not for loan Collection Home library Current library Shelving location Date acquired Total checkouts Full call number Barcode Date last seen Copy number Price effective from Koha item type
    Library of Congress Classification     Non-fiction Science Library (Miotso) Science Library (Miotso) General stacks 02/09/2025   RC927 .R479 RHE SLM00003352 02/09/2025 1 02/09/2025 Books
© 2023-2024 Copyright: Central University Libraries. All Rights Reserved | Created by: Mahone Tech Office